00395nam a22001217a 4500008004100000020001800041050001700059100002700076245004700103250001200150260005000162300006100212250117b |||||||| |||| 00| 0 eng d a9781645646686 aTH6122b.B53 aBlankenbaker, E. Keith aModern plumbing /bycE. Keith Blankenbaker a9th ed. aU. S, A.bThe Goodheart-Willcox Companyc2022 axiv,562p.bincludes Referece section, Glossary and index